<?xml version="1.0" encoding="UTF-8"?>
<record
    xmlns:xsi="http://www.w3.org/2001/XMLSchema-instance"
    xsi:schemaLocation="http://www.loc.gov/MARC21/slim http://www.loc.gov/standards/marcxml/schema/MARC21slim.xsd"
    xmlns="http://www.loc.gov/MARC21/slim">

  <leader>00377nam a2200133Ia 4500</leader>
  <controlfield tag="005">20260328101453.0</controlfield>
  <controlfield tag="008">260328s9999||||xx |||||||||||||| ||und||</controlfield>
  <datafield tag="100" ind1=" " ind2=" ">
    <subfield code="a">Agraz, Ricardo</subfield>
  </datafield>
  <datafield tag="245" ind1=" " ind2="0">
    <subfield code="a">20 Obras :</subfield>
    <subfield code="b"> Arquitectura Contempor&#xE1;nea Mexicana /</subfield>
    <subfield code="c">Ricardo Agraz</subfield>
  </datafield>
  <datafield tag="260" ind1=" " ind2=" ">
    <subfield code="b">Secretar&#xED;a de Cultura, Jalisco</subfield>
  </datafield>
  <datafield tag="300" ind1=" " ind2=" ">
    <subfield code="a">127 p.</subfield>
  </datafield>
  <datafield tag="650" ind1=" " ind2=" ">
    <subfield code="a">ARQUITECTURA REGIONAL</subfield>
  </datafield>
  <datafield tag="942" ind1=" " ind2=" ">
    <subfield code="c">BK</subfield>
  </datafield>
  <datafield tag="999" ind1=" " ind2=" ">
    <subfield code="c">8746</subfield>
    <subfield code="d">8746</subfield>
  </datafield>
  <datafield tag="952" ind1=" " ind2=" ">
    <subfield code="0">0</subfield>
    <subfield code="1">0</subfield>
    <subfield code="4">0</subfield>
    <subfield code="7">0</subfield>
    <subfield code="8">GEN</subfield>
    <subfield code="a">GPC</subfield>
    <subfield code="b">GPC</subfield>
    <subfield code="c">GEN</subfield>
    <subfield code="d">2026-03-28</subfield>
    <subfield code="i">2543</subfield>
    <subfield code="l">0</subfield>
    <subfield code="o">720.53 Ag 81</subfield>
    <subfield code="p">2543</subfield>
    <subfield code="r">2026-03-28 15:14:53</subfield>
    <subfield code="t">1</subfield>
    <subfield code="w">2026-03-28</subfield>
    <subfield code="y">BK</subfield>
  </datafield>
</record>
